| 000 | 00558nam a2200157 a 4500 | ||
|---|---|---|---|
| 005 | 20140412111426.0 | ||
| 008 | 090629s19uu xx 00 eng d | ||
| 020 | _a81-7862-159-2 | ||
| 050 |
_aTR(PS E _bBe38 2003 |
||
| 245 | _aThe Bear and the bees and other stories. | ||
| 260 |
_aNew Delhi : _bSterling Press, _c2003. |
||
| 300 | _a16p. | ||
| 500 | _aTitles: A monkey and a dolphin, Who will bell the cat?, A fox and a goat, Two goats, The bear and the bees, A fox and a stork, A lion and a rabbit, The two pots. | ||
| 650 | _aFables | ||
| 999 |
_c106235 _d106235 |
||